Statistics for The Blacklist

Click here to take the quiz!

General Stats

  • This quiz has been taken 463 times
    (455 since last reset)
  • The average score is 8 of 15

Answer Stats

HintAnswer% Correct
girl that he only wants to talk toElizabeth
93%
fugitive that hands himself overReddington
93%
who kills elizabeth's adopted father in season 1Reddington
93%
Man that re-marries KeenTom
85%
faithful bodyguard of Reddembe
80%
agent that works with KeenRessler
75%
fugitives first nameraymond
68%
Lady that cleans up murdersKaplan
55%
nickname of Keen by Reddingtonlizzy
49%
mossad agentNavabi
48%
secret group that framed keencabal
43%
agent that dies from CIAMeera
31%
daughter of the KeensAgnus
11%
who does Keen save in the first episodepresidents daughter
4%
who was the first person agent keen killedher dad
3%

Score Distribution

Percentile by Number Answered

Percent of People with Each Score

Your Score History

You have not taken this quiz since the last reset